Macmillan dictionary of life sciences
Saved in:
| Other Authors: | |
|---|---|
| Format: | Book |
| Language: | English |
| Published: |
London :
Macmillan,
1985
|
| Edition: | 2nd ed. |
| Subjects: | |
| Tags: |
Add Tag
No Tags, Be the first to tag this record!
|
MARC
| LEADER | 00000nam a2200000 i 4500 | ||
|---|---|---|---|
| 001 | 1/70561 | ||
| 008 | 970128s1985 eng d | ||
| 020 | |a 0-333-38647-7 | ||
| 035 | |l 10002553 | ||
| 040 | |a GR-MY-UA |b gre |e aacr | ||
| 041 | 0 | |a eng | |
| 082 | 0 | |a 574.03 | |
| 245 | 1 | 0 | |a Macmillan dictionary of life sciences / |c Edited by E. A. Martin |
| 250 | |a 2nd ed. | ||
| 260 | |a London : |b Macmillan, |c 1985 | ||
| 300 | |a 396 σ.; |b εικ.; |c 24 εκ. | ||
| 650 | 0 | 0 | |a Biology |x Dictionaries. |
| 700 | 1 | |a Martin, E. A. |q (Elizabeth A.) |4 edt | |
| 852 | |a INST |b LESVOS |e 19970128 |h 574.03 MAC |p 005100022760 |q 005100022760 |t REF |y 23 | ||
| 909 | |a Λ |b 01710 | ||